Syahdu : antologi cerpen pemenang hadiah sastera berunsur Islam IV

Bibliographic Details
Format: Book
Published: Kuala Lumpur : DBP , 1993
Subjects:

MARC

LEADER 00000cam a2200000 7i4500
001 0000006472
002 000006984
005 20000330.0
020 |a 9836233105 
090 0 0 |a F   |b SYA 
245 0 0 |a Syahdu :   |b antologi cerpen pemenang hadiah sastera berunsur Islam IV 
260 |a Kuala Lumpur :   |b DBP ,   |c 1993 
300 |a 178 p. ;   |c 18 cm. 
650 0 0 |a Islamic stories, Malay 
999 |a 039387   |b BUKU   |c FICTION   |e PERPUSTAKAAN KOMUNITI PETALING JAYA 
999 |a 039388   |b BUKU   |c PINJAMAN   |e PERPUSTAKAAN KOMUNITI PETALING JAYA 
999 |a 054056   |b BUKU   |c FICTION   |e PERPUSTAKAAN KOMUNITI CAW KOTA DAMANSARA 
999 |a 054057   |b BUKU   |c FICTION   |e PERPUSTAKAAN KOMUNITI CAW KOTA DAMANSARA